000 00796nam a2200205 a 4500
008 120416s2002 ||||||||||||||||| || u
020 _a0748757422
050 _aTK 153 Mac
100 _aBradley, D. A [and others]
245 1 0 _aMechatronics
246 _aelectronics in products and processes
260 _aCheltenham
_bNelson Thornes
_c2002
300 _axv, 510p. : ill.
350 _a0.00
650 0 _aELECTRONICS
650 _aMECHANICS
650 _aMECHATRONICS
995 _aMAIN LIBRARY OPEN ACCESS
_D0.00
_e735672
_FCBU-MAIN LIBRARY (Kitwe)
_H1
_I27.95
_jTK 153 Mac
_M1
_UAVAILABLE
_y48581
_ZMain Library Open Access Collection
995 _aMAIN LIBRARY OPEN ACCESS
_D0.00
_e735671
_FCBU-MAIN LIBRARY (Kitwe)
_H2
_I27.95
_jTK 153 Mac
_M2
_UAVAILABLE
_y48652
_ZMain Library Open Access Collection
999 _c82850
_d82850